| 000 | 004420000a22001810004500 | ||
|---|---|---|---|
| 003 | MACL | ||
| 005 | 20160122163104.0 | ||
| 008 | 160122b xxu||||| |||| 00| 0 eng d | ||
| 040 |
_aMACL _cMACL |
||
| 041 | _aEnglish | ||
| 082 | _a530.41/OMA | ||
| 100 |
_aOmar, M Ali _934163 |
||
| 245 | _aElementary Solid State physics | ||
| 260 |
_bAddison Wesley _c2001 _aDelhi |
||
| 350 | _a299 | ||
| 650 |
_aPhysics _934164 |
||
| 942 |
_cBK _k530/oma _2ddc |
||
| 999 |
_c32709 _d32709 |
||